00291nam a2200121Ia 4500008004100000100001400041245002600055260004400081300000800125650001200133942000700145999001700152190216s9999||||xx |||||||||||||| ||und|| aVallathol 0aAbinjana Shakunthalam b"Vallathol Grandhalayam, Cheruthuruthi" a130 aNadakam cBK c27270d27270